[Event "Bastia CC Spring op 35th"]
[Site "Bastia"]
[Date "2009.03.27"]
[Round "?"]
[White "Berti, Nicolas"]
[Black "Do Rego Cruz, Fabio"]
[Result "1-0"]
[WhiteElo "1390"]
[BlackElo "1099"]
[PlyCount "57"]
[EventDate "2009.03.21"]
[EventType "swiss"]
[EventRounds "5"]
[EventCountry "FRA"]
[SourceTitle "EXT 2010"]
[Source "ChessBase"]
[SourceDate "2010.11.25"]
[SourceVersion "1"]
[SourceVersionDate "2010.11.25"]
[SourceQuality "1"]

1. e4 e5 2. Nf3 Nc6 3. Nc3 Nf6 4. Bb5 Bc5 5. 0-0 0-0 6. d3 h6 7. Bxc6 dxc6 8. Nxe5 Bd4 9. Nf3 Bg4 10. Be3 Bxe3 11. fxe3 Nh5 12. h3 Bxf3 13. Qxf3 Qg5 14. Ne2 Rad8 15. Nf4 Ng3 16. Rf2 Rd6 17. Kh2 Rg6 18. Nxg6 Qxg6 19. Qxg3 Re8 20. Qxg6 fxg6 21. g4 g5 22. Kg3 Re5 23. Raf1 Re8 24. Rf7 Kh7 25. Rxc7 Re6 26. Rff7 Kg6 27. Rxg7+ Kf6 28. d4 b5 29. Rcf7# 1-0

[Event "FRA-ch U08"]
[Site "Le Grand Bornand"]
[Date "2007.04.??"]
[Round "7"]
[White "Thiercelin, Jerome"]
[Black "Berti, Nicolas"]
[Result "1-0"]
[WhiteElo "1370"]
[BlackElo "1220"]
[PlyCount "69"]
[EventDate "2007.04.07"]
[EventType "swiss"]
[EventRounds "9"]
[EventCountry "FRA"]
[SourceTitle "CBM 118 Extra"]
[Source "ChessBase"]
[SourceDate "2007.07.04"]
[SourceVersion "1"]
[SourceVersionDate "2007.07.04"]
[SourceQuality "1"]

1. d4 d5 2. c4 Nf6 3. Nc3 e6 4. Bg5 Bb4 5. Nf3 0-0 6. e3 Bxc3+ 7. bxc3 h6 8. Bxf6 Qxf6 9. Be2 b6 10. 0-0 Ba6 11. Qa4 c6 12. Rab1 b5 13. cxb5 cxb5 14. Bxb5 Bb7 15. Ne5 Qe7 16. Bc6 Rc8 17. Bxb7 f6 18. Bxa8 fxe5 19. Bb7 Rxc3 20. dxe5 Rc4 21. Qb5 Rc7 22. Rfc1 Rd7 23. Rc8+ Kh7 24. Qd3+ g6 25. Bc6 Rd8 26. Rxd8 Qxd8 27. Bd7 Nxd7 28. Rb7 Qa5 29. Rxd7+ Kh8 30. h3 Qe1+ 31. Kh2 Qa1 32. Qxg6 Qxe5+ 33. g3 Qf5 34. Qe8+ Qf8 35. Qxf8# 1-0